| 000 | nam a22 a 4500 | ||
|---|---|---|---|
| 999 |
_c2037 _d2037 |
||
| 003 | AKMAL | ||
| 005 | 20170515093148.0 | ||
| 008 | 170515s1999 my a e | s000 0 eng d | ||
| 040 | _aAKMAL | ||
| 082 | 0 | 4 |
_a351.595 AHM _222 |
| 090 | 0 | 0 |
_a351.595 _bAHM |
| 110 | 1 |
_aMalaysia _9400 |
|
| 245 | 1 | 0 |
_aDevelopment administration circulars 1991 & 1992 : _btowards a quality, productive and accountable civil service in Malaysia / _cissued by Tan Sri Dato' Seri Ahmad Sarji bin Abdul Hamid |
| 260 |
_aKuala Lumpur : _bJabatan Perdana Menteri, _c1991 |
||
| 300 |
_a1 vol. (various paging) : _bill. ; _c25cm. |
||
| 490 | 1 | _aDevelopment administration circular | |
| 500 | _aCover title | ||
| 650 | 1 | 0 |
_aCivil service _zMalaysia _9420 |
| 650 | 2 | 0 |
_aCivil service ethics _zMalaysia _9416 |
| 650 | 2 | 0 |
_aCircular letters _94210 |
| 700 | 0 |
_aAhmad Sarji Abdul Hamid, _cTan Sri Dato' Seri, _d1938- _9508 |
|
| 710 | 1 |
_aMalaysia. _bJabatan Perdana Menteri _93179 |
|
| 830 | 0 |
_aDevelopment administration circular ; _vno. 1 of 1991 _94211 |
|
| 942 |
_2ddc _cBOOK |
||